Welcome to CU Library Online Public Access Catalogue (OPAC)

Organizational theory : (Record no. 1414)

MARC details
000 -LEADER
fixed length control field 00680cam a22002174a 4500
001 - CONTROL NUMBER
control field 11952117
005 - DATE AND TIME OF LATEST TRANSACTION
control field 20241122100854.0
008 - FIXED-LENGTH DATA ELEMENTS--GENERAL INFORMATION
fixed length control field 000324s2001 njua b 001 0 eng
020 ## - INTERNATIONAL STANDARD BOOK NUMBER
International Standard Book Number 0130183784 (alk. paper)
020 ## - INTERNATIONAL STANDARD BOOK NUMBER
International Standard Book Number 9780130183781
050 00 - LIBRARY OF CONGRESS CALL NUMBER
Classification number HD58.7
Item number .J62 2001
082 00 - DEWEY DECIMAL CLASSIFICATION NUMBER
Classification number 302.3/5
Edition information 21
100 1# - MAIN ENTRY--PERSONAL NAME
Personal name Jones, Gareth R.
245 10 - TITLE STATEMENT
Title Organizational theory :
Remainder of title text and cases /
Statement of responsibility, etc. Gareth R. Jones.
250 ## - EDITION STATEMENT
Edition statement 3rd ed.
260 ## - PUBLICATION, DISTRIBUTION, ETC.
Place of publication, distribution, etc. Upper Saddle River, N.J. :
Name of publisher, distributor, etc. Prentice Hall,
Date of publication, distribution, etc. c2001.
300 ## - PHYSICAL DESCRIPTION
Extent xxiii, 599 p. :
Other physical details ill. (some col.) ;
Dimensions 27 cm.
650 #0 - SUBJECT ADDED ENTRY--TOPICAL TERM
Topical term or geographic name entry element Organizational behavior.
650 #0 - SUBJECT ADDED ENTRY--TOPICAL TERM
Topical term or geographic name entry element Organizational behavior
Form subdivision Case studies.
942 ## - ADDED ENTRY ELEMENTS (KOHA)
Source of classification or shelving scheme Library of Congress Classification
Koha item type Books
Edition 3rd Ed.
Suppress in OPAC No
999 ## -
-- 1414
-- 1414
Holdings
Withdrawn status Lost status Source of classification or shelving scheme Damaged status Not for loan Collection Home library Current library Shelving location Date acquired Total checkouts Full call number Barcode Date last seen Copy number Price effective from Koha item type
    Library of Congress Classification     Non-fiction Business Library (Miotso) Business Library (Miotso) General stacks 11/22/2024   HD58.7 .J62 2001 BSSM00000267 11/22/2024 1 11/22/2024 Books
© 2023-2024 Copyright: Central University Libraries. All Rights Reserved | Created by: Mahone Tech Office